| 000 -LEADER |
| fixed length control field |
01368cam a2200325 a 4500 |
| 001 - CONTROL NUMBER |
| control field |
12393776 |
| 005 - DATE AND TIME OF LATEST TRANSACTION |
| control field |
20221206153051.0 |
| 008 - FIXED-LENGTH DATA ELEMENTS--GENERAL INFORMATION |
| fixed length control field |
010427s2001 enka b 001 0 eng |
| 010 ## - LIBRARY OF CONGRESS CONTROL NUMBER |
| LC control number |
2001032790 |
| 020 ## - INTERNATIONAL STANDARD BOOK NUMBER |
| International Standard Book Number |
0333947150 |
| 040 ## - CATALOGING SOURCE |
| Original cataloging agency |
DLC |
| Transcribing agency |
DLC |
| Modifying agency |
DLC |
| 050 00 - LIBRARY OF CONGRESS CALL NUMBER |
| Classification number |
PE1429 |
| Item number |
.G74 2001 |
| 082 00 - DEWEY DECIMAL CLASSIFICATION NUMBER |
| Classification number |
808.042 |
| Author Mark |
GRE |
| 100 1# - MAIN ENTRY--PERSONAL NAME |
| Personal name |
Greetham, Bryan, |
| Dates associated with a name |
1946- |
| 9 (RLIN) |
104285 |
| 245 10 - TITLE STATEMENT |
| Title |
How to write better essays / |
| Statement of responsibility, etc. |
Bryan Greetham. |
| 260 ## - PUBLICATION, DISTRIBUTION, ETC. |
| Place of publication, distribution, etc. |
Houndmills, Basingstoke, Hampshire ; |
| -- |
New York : |
| Name of publisher, distributor, etc. |
Palgrave, |
| Date of publication, distribution, etc. |
2001. |
| 300 ## - PHYSICAL DESCRIPTION |
| Extent |
xi, 285 p. : |
| Other physical details |
ill. ; |
| Dimensions |
22 cm. |
| 440 #0 - SERIES STATEMENT/ADDED ENTRY--TITLE |
| Title |
Palgrave study guides |
| 9 (RLIN) |
4085 |
| 504 ## - BIBLIOGRAPHY, ETC. NOTE |
| Bibliography, etc. note |
Includes bibliographical references (p. 280) and index. |
| 650 #0 - SUBJECT ADDED ENTRY--TOPICAL TERM |
| Topical term or geographic name entry element |
English language |
| General subdivision |
Rhetoric. |
| 650 #0 - SUBJECT ADDED ENTRY--TOPICAL TERM |
| Topical term or geographic name entry element |
Exposition (Rhetoric) |
| 9 (RLIN) |
93660 |
| 650 #0 - SUBJECT ADDED ENTRY--TOPICAL TERM |
| Topical term or geographic name entry element |
Essay |
| General subdivision |
Authorship. |
| 9 (RLIN) |
93661 |
| 650 #0 - SUBJECT ADDED ENTRY--TOPICAL TERM |
| Topical term or geographic name entry element |
Academic writing. |
| 9 (RLIN) |
4018 |
| 856 42 - ELECTRONIC LOCATION AND ACCESS |
| Materials specified |
Contributor biographical information |
| Uniform Resource Identifier |
<a href="http://www.loc.gov/catdir/bios/hol059/2001032790.html">http://www.loc.gov/catdir/bios/hol059/2001032790.html</a> |
| 856 42 - ELECTRONIC LOCATION AND ACCESS |
| Materials specified |
Publisher description |
| Uniform Resource Identifier |
<a href="http://www.loc.gov/catdir/description/hol052/2001032790.html">http://www.loc.gov/catdir/description/hol052/2001032790.html</a> |
| 856 41 - ELECTRONIC LOCATION AND ACCESS |
| Materials specified |
Table of contents |
| Uniform Resource Identifier |
<a href="http://www.loc.gov/catdir/toc/hol051/2001032790.html">http://www.loc.gov/catdir/toc/hol051/2001032790.html</a> |
| 906 ## - LOCAL DATA ELEMENT F, LDF (RLIN) |
| a |
7 |
| b |
cbc |
| c |
orignew |
| d |
1 |
| e |
ocip |
| f |
20 |
| g |
y-gencatlg |
| 942 ## - ADDED ENTRY ELEMENTS (KOHA) |
| Source of classification or shelving scheme |
|
| Koha item type |
Book |